Ellen Terry player in her time / (Record no. 16299)
[ view plain ]
| 000 -LEADER | |
|---|---|
| fixed length control field | 00851pam a2200289 a 4500 |
| 001 - CONTROL NUMBER | |
| control field | 16299 |
| 003 - CONTROL NUMBER IDENTIFIER | |
| rucl marc code | BD-RjUL |
| 005 - DATE AND TIME OF LATEST TRANSACTION | |
| control field | 20211209000007.0 |
| 008 - FIXED-LENGTH DATA ELEMENTS--GENERAL INFORMATION | |
| fixed length control field | 140213s1987 nyua b 001 0beng d |
| 020 ## - INTERNATIONAL STANDARD BOOK NUMBER | |
| International Standard Book Number | 0393023982 : |
| 035 ## - SYSTEM CONTROL NUMBER | |
| System control number | (BD-RjUL)16354 |
| 040 ## - CATALOGING SOURCE | |
| Original cataloging agency | DLC |
| Transcribing agency | DLC |
| Modifying agency | DLC |
| -- | BD-RjUL |
| Language of cataloging | eng |
| 041 ## - LANGUAGE CODE | |
| Language code of text/sound track or separate title | eng |
| 082 00 - DEWEY DECIMAL CLASSIFICATION NUMBER | |
| Classification number | 792.0280924 |
| Edition number | 19 |
| Author mark and year | AUE 1987 |
| 100 1# - MAIN ENTRY--PERSONAL NAME | |
| Personal name | Auerbach, Nina, |
| Dates associated with a name | 1943- |
| 9 (RLIN) | 50396 |
| 245 10 - TITLE STATEMENT | |
| Title | Ellen Terry player in her time / |
| Statement of responsibility, etc. | Nina Auerbach. |
| 250 ## - EDITION STATEMENT | |
| Edition statement | 1st ed. |
| 260 ## - PUBLICATION, DISTRIBUTION, ETC. (IMPRINT) | |
| Place of publication, distribution, etc. | New York : |
| Name of publisher, distributor, etc. | W.W. Norton, |
| Date of publication, distribution, etc. | c1987. |
| 300 ## - PHYSICAL DESCRIPTION | |
| Pagination | xv, 504 p. : |
| Illustrations | ill. ; |
| Size | 23 cm. |
| 504 ## - BIBLIOGRAPHY, ETC. NOTE | |
| Bibliography, etc | Bibliography: p. [460]-477. |
| Bibliography, etc | Includes index. |
| 600 10 - SUBJECT ADDED ENTRY--PERSONAL NAME | |
| Personal name | Terry, Ellen, |
| Titles and other words associated with a name | Dame, |
| Dates associated with a name | 1847-1928. |
| 650 #0 - SUBJECT ADDED ENTRY--TOPICAL TERM | |
| Topical term or geographic name as entry element | Actresses |
| Geographic subdivision | Great Britain |
| Form subdivision | Biography. |
| 9 (RLIN) | 50398 |
| 942 ## - ADDED ENTRY ELEMENTS (KOHA) | |
| Source of classification or shelving scheme | Dewey Decimal Classification |
| Koha item type | Books |
| Lost status | Source of classification or shelving scheme | Damaged status | Not for loan | Collection code | Permanent Location | Current Location | Shelving location | Date acquired | Source of acquisition | Total Checkouts | Full call number | Date last seen | Copy number | Koha item type |
|---|---|---|---|---|---|---|---|---|---|---|---|---|---|---|
| Dewey Decimal Classification | Not For Loan | Non-fiction | Central Library, University of Rajshahi | Central Library, University of Rajshahi | Reading Room | 26/10/1989 | Asia Foundation | 792.0280924 AUE 1987 | 13/02/2014 | C-1 | Books | |||
| Dewey Decimal Classification | Non-fiction | Central Library, University of Rajshahi | Central Library, University of Rajshahi | 06/06/1990 | Asia foundation | 792.0280924 AUE 1987 | 29/01/2017 | C-2 | Books |